000 00645nam a2200241Ia 4500
003 OSt
005 20221007065408.0
006 a|||||r|||| 00| 0
007 ta
008 221006b |||||||| |||| 00| 0 eng d
020 _a0566022125
024 _a16,195
037 _cTextual
040 _aFLL
_cFLL
_beng
041 _2eng
_aeng
082 _aX8(A))aZ3,27, M1
100 _aHearn Patrick
245 0 _aBusiness of industrial licensing
260 _aEngland
_bGower Publishing Co. Ltd. England
_c1981
300 _a261p
_ccm.
942 _hX8(A))aZ3,27, M1
_cTEXL
_2CC
999 _c1137177
_d1137177